| 000 | 00885nam a22002537a 4500 | ||
|---|---|---|---|
| 999 |
_c2076 _d2076 |
||
| 003 | AR-CdUCM | ||
| 008 | 190301b ||||| |||| 00| 0 spa d | ||
| 020 | _a997248100X | ||
| 040 |
_aMUNICIPALIDAD PROVINCIAL DEL CUSCO _cBIBLIOTECA MUNICIPAL DEL CUSCO |
||
| 041 | _hita | ||
| 082 |
_24ed. _a109 / _bT79 |
||
| 100 |
_aTredici, Jacinto _97499 |
||
| 245 |
_aHistoria de la Filosofia / _cMartinez Martinez, Maria del Carmen |
||
| 260 |
_aBuenos Aires : _bDifusion, _c1958. |
||
| 300 |
_a291 paginas ; _c20cm. |
||
| 505 | _aEpoca Griega y Romana -- Decadencia y Transicion -- Epoca patristica y medieval -- Epoca moderna | ||
| 650 |
_aHistoria Filosofica _97500 |
||
| 650 |
_aEpoca Moderna _97501 |
||
| 650 |
_aHistoria Narrativa _97502 |
||
| 700 |
_aMartinez Martinez, Maria del Carmen _97471 |
||
| 700 |
_aZuretti, Juan C _97503 |
||
| 942 |
_2ddc _cLIBROS |
||
| 945 |
_apjha _d2019-03-01 |
||